| 000 | 00427nam a2200121 a 4500 | ||
|---|---|---|---|
| 005 | 20210219161647.0 | ||
| 008 | 130201s1984 mx r 000 0 spa d | ||
| 035 | _aUPN01000189357 | ||
| 245 | 0 | 3 |
_aLa educación superior en venezuela / _cpreparado por la oficina de planificación del sector universitario (OPSU). |
| 260 |
_aCaracas : _bCRESALC; _bUNESCO, _c1984. |
||
| 300 |
_a143 p. ; _bcuadr., graf., maps. |
||
| 440 | 0 | _amonografia | |
| 999 |
_c161460 _d161460 |
||